The Maharajah, and other stories /

Bibliographic Details
Main Author: White, T. H. (Terence Hanbury), 1906-1964
Other Authors: Sprague, Kurth
Format: Book
Language:English
Published: New York : Putnam, 1981.
Edition:1st American ed.
Subjects:

MARC

Tag First Indicator Second Indicator Subfields
LEADER 00000cam a22000008a 4500
001 in00000072915
005 20151008055952.0
008 810421r1981 nyu 00011 eng
010 |a  81005923  
020 |a 0399126503 :  |c $12.95 
035 |a (OCoLC)07464058 
035 |9 AAJ4845AM 
039 0 |a 2  |b 3  |c 3  |d 3  |e 3 
040 |a DLC  |c DLC  |d TXA  |d UtOrBLW 
049 |a TXAS  |c [1422269] 
050 0 0 |a PR6045.H2  |b M3 1981 
082 0 |a 823/.912  |2 19 
100 1 |a White, T. H.  |q (Terence Hanbury),  |d 1906-1964. 
245 1 4 |a The Maharajah, and other stories /  |c T.H. White ; selected and with an introduction by Kurth Sprague. 
250 |a 1st American ed. 
263 |a 8109 
264 1 |a New York :  |b Putnam,  |c 1981. 
300 |a 228 pages ;  |c 22 cm. 
336 |a text  |b txt  |2 rdacontent 
337 |a unmediated  |b n  |2 rdamedia 
338 |a volume  |b nc  |2 rdacarrier 
500 |a Reprint. Originally published: London : Macdonald, 1981. 
500 |a "Jacket illustration by David Palladini"--Dust jacket. 
505 0 |a The Maharajah -- A sharp attack of something or other -- The spaniel earl -- Success or failure -- Nostradamus -- No gratuities -- The troll -- The man -- The black rabbit -- Kin to love -- Soft voices at Passenham --The point of thirty miles -- A rosy future, anonymous -- Not until tomorrow --The Philistine cursed David by his gods -- A link with Petulengro. 
650 0 |a Fantasy fiction, English. 
700 1 |a Sprague, Kurth. 
999 |a MARS 
999 f f |s e6a0bd4e-2a7d-3f65-8be6-378b522cc7b4  |i 7dca4416-efef-32c8-9874-e6ff0ec02acf  |t 0 
952 f f |p noncirc  |a Texas A&M University  |b College Station  |c Cushing Memorial Library & Archives  |d Cushing: Science Fiction (Does not check out)  |t 0  |e PR6045.H2 M3 1981  |h Library of Congress classification  |i unmediated -- volume  |m A14806067706 
998 f f |a PR6045.H2 M3 1981  |t 0  |l Cushing: Science Fiction (Does not check out)